000 01514cam a2200349Ia 4500
001 neverkissalligat00bare
003 CaSfIA
005 20210118192458.0
007 cr||||
008 940202t19931989nyua j 000 0 eng d
010 _a 88032659
040 _aKWS
_cKWS
_dOCL
_dCaSfIA
020 _a0525651802 (pbk.) :
_c$3.95
020 _a9780525651802 (pbk.)
035 _a(OCoLC)29727916
050 4 _aPZ10.B282
_bNe 1993
082 0 4 _a597.98
_bBar
100 1 _aBare, Colleen Stanley.
245 1 0 _aNever kiss an alligator! /
_h[electronic resource]
_cColleen Stanley Bare ; photographs by the author.
250 _a1st paperback ed.
260 _aNew York :
_bDutton,
_c1993, c1989.
300 _a[28] p. :
_bcol. ill. ;
_c23 cm.
500 _a"Cobblehill books."
520 _aDiscusses in simple language the characteristics and habits of alligators.
650 0 _aAlligators
_vJuvenile literature.
650 1 _aAlligators.
856 4 1 _uhttp://www.archive.org/details/neverkissalligat00bare
_zFree eBook from the Internet Archive
856 4 2 _uhttp://www.openlibrary.org/books/OL24229212M
_zAdditional information and access via Open Library
942 _cEB
506 _fНеобхідна авторизація на https://archive.org/ (створення облікового запису безкоштовно)
506 _fНеобхідна авторизація на https://openlibrary.org/ (створення облікового запису безкоштовно)
999 _c529719
_d529719